Rules of procedure and conduct of business in Mizoram Legislative Assembly (Record no. 491042)

000 -LEADER
fixed length control field 00356cam a22001097a 4500
008 - FIXED-LENGTH DATA ELEMENTS--GENERAL INFORMATION
fixed length control field 180718b1973 xxu||||| |||| 00| 0 eng d
082 ## - DEWEY DECIMAL CLASSIFICATION NUMBER
Classification number G5x54114 M699/1973
100 ## - MAIN ENTRY--PERSONAL NAME
Personal name Mizoram. Legislative Assembly Secretariat
245 ## - TITLE STATEMENT
Title Rules of procedure and conduct of business in Mizoram Legislative Assembly
260 ## - PUBLICATION, DISTRIBUTION, ETC.
Place of publication, distribution, etc. Aizawl
Name of publisher, distributor, etc. The author
Date of publication, distribution, etc. 1973
300 ## - PHYSICAL DESCRIPTION
Extent 165+p
Holdings
Withdrawn status Lost status Damaged status Not for loan Permanent Location Current Location Date acquired Full call number Barcode Date last seen Price effective from Koha item type
        Indian Institute of Public Administration Indian Institute of Public Administration 2018-08-04 G5x54114 M699/1973 GG16101 2018-08-04 2018-08-04 GG

Powered by Koha